Hong Kong S.A.R. and Macao S.A.R

Hong Kong ako Special administrative region (S.A.R. - špeciálny administratívny región) Číny je spravovaný zákonom, ktorý funguje ako mini-ústava teritória. História Hong Kongu. Vybrané ekonomické ukazovatele Hong Kongu. Macao - štyri piliere prosperujúcej ekonomiky. Cestovný ruch, vývoz, bankovníct...

Ausführliche Beschreibung

Gespeichert in:
Bibliographische Detailangaben
1. Verfasser: Csabay, Marek
Format: Buchkapitel
Sprache:Englisch
Schlagworte:
Tags: Tag hinzufügen
Keine Tags, Fügen Sie das erste Tag hinzu!

MARC

LEADER 00000naa$a2200000$$$4500
001 0050030
005 20240502071557.5
041 0 |a eng 
044 |a SK 
245 1 0 |a Hong Kong S.A.R. and Macao S.A.R  |c Marek Csabay 
520 |a Hong Kong ako Special administrative region (S.A.R. - špeciálny administratívny región) Číny je spravovaný zákonom, ktorý funguje ako mini-ústava teritória. História Hong Kongu. Vybrané ekonomické ukazovatele Hong Kongu. Macao - štyri piliere prosperujúcej ekonomiky. Cestovný ruch, vývoz, bankovníctvo a výstavba a nehnuteľnosti. 
610 2 0 |a situácia hospodárska 
610 2 0 |a ukazovatele ekonomické 
610 2 0 |a Hongkong 
610 2 0 |a ruch cestovný 
610 2 0 |a vývoz 
610 2 0 |a bankovníctvo 
610 2 0 |a nehnuteľnosti 
610 2 0 |a Macao 
100 1 |a Csabay, Marek